01425 2200217 4500001002100000005001500021035002000036008004100056245003500097100002300132250000600155260004200161300001200203084001400215082000800229650001000237520092400247990001201171990001201183990001201195INLIS00000000000113720240522085607 a0010-0524000372240522 1 ind 1 aRasa Hati /cEva Riyanti Lubis aRiyanti Lubis, Eva a1 aJakarta :bHi. Fest Publishing,c2013 a124 hlm a813 EVA r a813 4aFiksi aCinta. Mudah diucapkan tapi memiliki makna yang sangat dalam. De, begitu dia dipanggil. Cintanya pada kedua orang tuanya sudah luntur akibat ulah mereka yang membuat De seolah-olah hanya sebuah boneka. Tidak ada kasih sayang, hanya harta berlimpah yang diberikan. Hidup monoton De mulai berubah ketika dia sekolah di salah satu sekolah favorit di Batam. De berjumpa dengan cowok keren nan populer bernama Nicko. De mulai suka pada cowok itu pada pandangan pertama. Namun cowok itu malah memandang jijik kepada De karena De berasal dari kampung. Belum lagi genk nya Risti yang selalu mengganggu De agar De keluar dari sekolah beken itu. Kemudian De harus menghadapi kenyataan pahit tatkala mengetahui masalah yang melanda keluarganya. Semua sudah berhasil membuat hatinya porak poranda. Jadi apa masih ada rasa buat De untuk hari esok? Apa masih bisa dia untuk berharap? Dan Nicko, apa benar-benar cinta padanya? a0744116 a0744117 a0744118